| 000 | 00783nam a2200265Ia 4500 | ||
|---|---|---|---|
| 003 | GCL | ||
| 008 | 140319s9999 xx 000 0 ara d | ||
| 040 |
_aGCL / _cGCL |
||
| 082 | 0 | 4 |
_a709.02 _bث ن |
| 100 | 1 | _aثروت عكاشة | |
| 245 | 1 | 0 |
_aالفن البيزنطى / _cثروت عكاشة |
| 260 |
_a[S.N] : _bدار سعاد الصباح |
||
| 300 | _a288 | ||
| 490 |
_aموسوعة الفن,العين تسمع والاذن ترى _v0 |
||
| 650 | 0 | 4 | _aالفن |
| 650 | 0 | 4 | _aالنحت |
| 650 | 0 | 4 | _aالعمارة |
| 650 | 0 | 4 | _aالفن المسيحى |
| 650 | 0 | 4 | _aالعصر القديم |
| 650 | 0 | 4 | _aالفن البيزنطى |
| 650 | 0 | 4 | _aالاثار المسيحية |
| 650 | 0 | 4 | _aالكنائس |
| 650 | 0 | 4 | _aتاريخ ونقد |
| 942 |
_2ddc _cBK |
||
| 999 |
_c36717 _d36717 |
||